Widerstand gegen den Nationalsozialismus / Peter Steinbach, Johannes Tuchel (hrsg.)
Record details
- ISBN: 3-89331-195-5 (brož.)
- Physical Description: 671 s., [32] s. obr. příl. : il. ; 21 cm
- Publisher: Bonn : Bundeszentrale für politische Bildung, 1994
Content descriptions
| Bibliography, etc. Note: | Obsahuje bibliografii a rejstřík |
Search for related items by series
Available copies
- 1 of 1 copy available at Common Catalog SPOK.
Holds
- 0 current holds with 1 total copy.
Show Only Available Copies
| Location | Call Number / Copy Notes | Barcode | Shelving Location | Status | Due Date |
|---|---|---|---|---|---|
| Terezin Initiative Institute | 352 | 4594300352 | Knihovna ITI | Available | - |
| LDR | 00795nam a2200229 a 4500 | ||
|---|---|---|---|
| 001 | 25333 | ||
| 003 | CZ-PrJAB | ||
| 005 | 20221103164031.0 | ||
| 008 | 960520s1994 gw f gr 001 0 ger | ||
| 020 | . | ‡a3-89331-195-5 (brož.) | |
| 035 | . | ‡a(CONS)133 | |
| 035 | . | ‡a(CZ PrSKC)zpk19960146540 | |
| 040 | . | ‡aABA001 ‡bcze | |
| 080 | . | ‡a940.53/.54 | |
| 080 | . | ‡a323.2 | |
| 245 | 0 | 0. | ‡aWiderstand gegen den Nationalsozialismus / ‡cPeter Steinbach, Johannes Tuchel (hrsg.) |
| 260 | . | ‡aBonn : ‡bBundeszentrale für politische Bildung, ‡c1994 | |
| 300 | . | ‡a671 s., [32] s. obr. příl. : ‡bil. ; ‡c21 cm | |
| 490 | 1 | . | ‡aSchriftenreihe, ‡x0435-7604 ; ‡vBd. 323 |
| 504 | . | ‡aObsahuje bibliografii a rejstřík | |
| 700 | 1 | . | ‡aTuchel, Johannes, ‡d1957- ‡7jn19990008638 ‡4edt |
| 700 | 1 | . | ‡aSteinbach, Peter, ‡d1948- ‡7jn19990008203 ‡4edt |
| 830 | 0. | ‡aSchriftenreihe | |
| 852 | 4 | . | ‡bJACH-ITI ‡bJACH-ITI ‡cKnihovna ITI ‡j352 ‡p352 ‡y$0.00 |
| 910 | . | ‡aABE340 ‡b352 | |
| 995 | . | ‡askok | |
| 901 | . | ‡a25333 ‡bISxN ‡c25333 ‡tbiblio | |